000 00768nam a2200205Ii 4500
003 JO-AjNU
008 230605s9999||||xx |||||||||||||| ||und||
040 _aJO-AjNU
_bara
_erda
_cJO-AjNU
041 _aara
050 1 4 _aBP130.4 1986
100 3 _aتاليف الكيلاني، ابراهيم زيد...واخرون ، م. مشارك : احمد نوفل، محمد عبد القادر ابو فارس، همام سعيد,
_eauthor
_941153
245 0 0 _aالتفسير
250 _aط1
264 3 1 _aسلطنة عمان: دائرة اعداد المعلمين، 1986
300 _a456ص
336 _atext
_btxt
_2rdacontent
337 _aunmediated
_bn
_2rdamedia
338 _avolume
_bnc
_2rdacarrier
650 4 _aالقرآن الكريم - تفسير
_941154
999 _aA17523
_c21091
_d21091